000
00269 a2200097 4500
001
59246
100
_a
245
_a
Crocodile smile;a read aloud play ( 6 copies set with teachers notes and a poster )
260
_a
Australia
_b
McGraw-HIll
_c
2005
090
_c
36306
_d
36306
942
_a
NUST-CAE
_c
_c
29232
999
_c
294319
_d
294319